000 00743nab a2200229 u 4500
001 10354
003 HDC
007 cr bn ---aaaaa
008 210104c mydr|noo 0 a may d
040 _aHDC
245 0 _aPolice probes threats in row over non-halal food
260 _a[No place] :
_bGulf Time,
_c[No year]
336 _atext
_2rdacontent
337 _acomputer
_2rdamedia
338 _aonline resource
_2rdacarrier
650 _anon-halal food
_910568
650 _areligious abuse
_910595
856 _zRequest full-text at [email protected]
942 _2lcc
942 _cNEWS
942 _kNWSO 000470
999 _c7677
_d7677